00706cam a22001451 4500082002600000100001700026245003700043250001500080260004100095300001800136505034600154526003700500650000800537650001500545 a297.642bFAZcL31,P781 aAhmad, Fazl.10aOmar the second caliph of Islam. a[Rev. ed.] aLahore,bSh. Muhammad Ashraf,c1968. a102p.c18 cm.0 av. 1. Muhammad, the prophet of Islam.--v. 2. Abu Bakr, the first caliph of Islam.--v. 3. Omar, the second caliph of Islam.--v. 4. Othman, the third caliph of Islam.--v. 5. Ali, the fourth caliph of Islam.--v. 6. Khalid bin Walid.--v. 7. Muhammad bin Qasim.--v. 8. Mahmood of Ghazni.--v. 9. Mohy-ud-Din Alamgir Aurangzeb.--v. 10. Sultan Tipu. a0b0c0d297_642000000000000_FAZ 0aMCE 0aOMAR,Islam